| 000 | 00611nam a2200193Ia 4500 | ||
|---|---|---|---|
| 003 | GCL | ||
| 008 | 140319s9999 xx 000 0 ara d | ||
| 040 |
_aGCL / _cGCL |
||
| 082 | 0 | 4 |
_a219 _bم ب |
| 100 | 1 | _aمحمد مهدى شمس الدين | |
| 245 | 1 | 0 |
_aبين الجاهلية والاسلام / _cمحمد مهدى شمس الدين |
| 260 |
_a[S.N] : _bالمؤسسة الحديثة للكتاب ، _c1987 |
||
| 300 | _a315 ص | ||
| 650 | 0 | 4 | _aالعصر الحديث |
| 650 | 0 | 4 | _aتاريخ |
| 650 | 0 | 4 | _aالاسلام |
| 650 | 0 | 4 | _aدفع المطاعن عن الاسلام |
| 942 |
_2ddc _cREF |
||
| 999 |
_c59197 _d59197 |
||